000 00291nam a2200121Ia 4500
008 191201s2019 xx 000 0 und d
100 _aRAMAKRISHNAN, Raghu
245 0 _aDatabase Management Systems
260 _aN. delhi
_bTMH
300 _a1065
650 _aB.Tech(IT)
942 _2ddc
_cBK
_02
999 _c6385
_d6385